Bhagavad-Gita as it is / (Record no. 78728)

MARC details
000 -LEADER
fixed length control field 00741nam a22002297a 4500
005 - DATE AND TIME OF LATEST TRANSACTION
control field 20130822175449.0
008 - FIXED-LENGTH DATA ELEMENTS--GENERAL INFORMATION
fixed length control field 130822b xxu||||| |||| 00| 0 eng d
010 ## - LCCN (DPL NO)
LC control number G-002187
020 ## - INTERNATIONAL STANDARD BOOK NUMBER
Terms of availability 200.00 (approx)
035 ## - SYSTEM CONTROL NUMBER
System control number G-002187
037 ## - SOURCE OF ACQUISITION
Source of stock number/acquisition Gift
040 ## - CATALOGING SOURCE
Original cataloging agency dpl
Language of cataloging en
082 ## - DEWEY DECIMAL CLASSIFICATION NUMBER
Classification number 181.46
100 ## - MAIN ENTRY--PERSONAL NAME
Personal name Prabhupada, A.C.Bhaktivedanta Swami
245 ## - TITLE STATEMENT
Title Bhagavad-Gita as it is /
Statement of responsibility, etc by A.C.Bhaktivedanta Swami Prabhupada
260 ## - PUBLICATION, DISTRIBUTION, ETC. (IMPRINT)
Place of publication, distribution, etc Mumbai
Name of publisher, distributor, etc Bhaktivedanta Book Trust
Date of publication, distribution, etc 2007
270 ## - ADDRESS
Address Hare Krishna Land, Juhu,
City Mumbai
Postal code 400049
300 ## - PHYSICAL DESCRIPTION
Extent 920p
Dimensions 23cm(pb)
500 ## - GENERAL NOTE
General note This book is donated by Mrs Shailaja Chandra, Ex-Chairperson, D.L.B.<br/>
942 ## - ADDED ENTRY ELEMENTS (KOHA)
Source of classification or shelving scheme Dewey Decimal Classification
Item type English Books
Classification part 181.46
Call number suffix PRA
Holdings
Withdrawn status Lost status Source of classification or shelving scheme Damaged status Not for loan Collection code Home library Current library Date acquired Source of acquisition Cost, normal purchase price Total Checkouts Full call number Barcode Date last seen Copy number Cost, replacement price Koha item type
    Dewey Decimal Classification     Non-fiction Sarojini Nagar Sarojini Nagar 22/08/2013 Gift 200.00   181.46 PRA G-002187 22/08/2013 1 200.00 English Books

© Delhi Public Library
Hit Counter
free hit counter